Techniques for upgrading educational standards in tourism: how to integrate business circles into university research?; SHS Web of Conferences; Vol. 28 : Research Paradigms Transformation in Social Sciences (RPTSS 2015)

Detaylı Bibliyografya
Parent link:SHS Web of Conferences
Vol. 28 : Research Paradigms Transformation in Social Sciences (RPTSS 2015).— 2016.— [01111, 5 p.]
Müşterek Yazar: Национальный исследовательский Томский политехнический университет (ТПУ) Институт социально-гуманитарных технологий (ИСГТ) Кафедра социальных коммуникаций (СК)
Diğer Yazarlar: Agranovich V. B. Viktoriya Borisovna, Kiryanova L. G. Liliya Gennadievna, Zavyalova M. P., Melnikova V. G., Arlyapova P. A.
Özet:Title screen
Methodology of developing modern educational standards has to comply with the new economic trends. Meeting the requirements of the market is conditioned by the integration of higher professional education and business all over the world. For the implementation of this integration strategy it is efficient to use the module education principle. This paper considers the main components of the module educational program: projective, innovative, and learner-centered. It has been shown that integration of business into research university programs can provide the necessary synthesis of theoretical and practical aspects of training professionals in tourism.
Dil:İngilizce
Baskı/Yayın Bilgisi: 2016
Konular:
Online Erişim:http://dx.doi.org/10.1051/shsconf/20162801111
http://earchive.tpu.ru/handle/11683/33144
Materyal Türü: Elektronik Kitap Bölümü
KOHA link:https://koha.lib.tpu.ru/cgi-bin/koha/opac-detail.pl?biblionumber=649650

MARC

LEADER 00000nla2a2200000 4500
001 649650
005 20231215104100.0
035 |a (RuTPU)RU\TPU\network\14812 
035 |a RU\TPU\network\14810 
090 |a 649650 
100 |a 20160729a2016 k y0engy50 ba 
101 0 |a eng 
105 |a y z 100zy 
135 |a drgn ---uucaa 
181 0 |a i  
182 0 |a b 
200 1 |a Techniques for upgrading educational standards in tourism: how to integrate business circles into university research?  |f V. B. Agranovich [et al.] 
203 |a Text  |c electronic 
300 |a Title screen 
320 |a [References: 10 tit.] 
330 |a Methodology of developing modern educational standards has to comply with the new economic trends. Meeting the requirements of the market is conditioned by the integration of higher professional education and business all over the world. For the implementation of this integration strategy it is efficient to use the module education principle. This paper considers the main components of the module educational program: projective, innovative, and learner-centered. It has been shown that integration of business into research university programs can provide the necessary synthesis of theoretical and practical aspects of training professionals in tourism. 
461 0 |0 (RuTPU)RU\TPU\network\14324  |t SHS Web of Conferences 
463 0 |0 (RuTPU)RU\TPU\network\14326  |t Vol. 28 : Research Paradigms Transformation in Social Sciences (RPTSS 2015)  |o International Conference, December 15-17, 2015, Tomsk, Russia  |o [proceedings]  |f National Research Tomsk Polytechnic University (TPU) ; eds. I. B. Ardashkin ; N. V. Martyushev  |v [01111, 5 p.]  |d 2016 
610 1 |a электронный ресурс 
610 1 |a труды учёных ТПУ 
610 1 |a совершенствование 
610 1 |a образовательные стандарты 
610 1 |a туризм 
610 1 |a высшее профессиональное образование 
610 1 |a модульное обучение 
701 1 |a Agranovich  |b V. B.  |c philosopher  |c Associate Professor of Tomsk Polytechnic University, candidate of philosophical sciences  |f 1967-  |g Viktoriya Borisovna  |3 (RuTPU)RU\TPU\pers\34767  |9 18117 
701 1 |a Kiryanova  |b L. G.  |c philosopher  |c Associate Professor of Tomsk Polytechnic University, candidate of philosophical sciences  |f 1982-  |g Liliya Gennadievna  |3 (RuTPU)RU\TPU\pers\37063 
701 1 |a Zavyalova  |b M. P. 
701 1 |a Melnikova  |b V. G. 
701 1 |a Arlyapova  |b P. A. 
712 0 2 |a Национальный исследовательский Томский политехнический университет (ТПУ)  |b Институт социально-гуманитарных технологий (ИСГТ)  |b Кафедра социальных коммуникаций (СК)  |3 (RuTPU)RU\TPU\col\21254 
801 2 |a RU  |b 63413507  |c 20170120  |g RCR 
856 4 |u http://dx.doi.org/10.1051/shsconf/20162801111 
856 4 |u http://earchive.tpu.ru/handle/11683/33144 
942 |c CF